00339nam a2200097Ia 4500008004100000245007300041245005600114260000900170650001400179856004800193171211s9999 xx 000 0 und d aFly in the Buttermilk: The Life Story of Cecil Reed (Singular Lives) cCecil A. Reed, Cedil A. Reed, and Priscilla Donovan c1993 xBiography uhttp://down.ebook777.com/061/0877454159.pdf